| 000 | 02917nam a2200337 i 4500 | ||
|---|---|---|---|
| 003 | DO-SdBNP | ||
| 005 | 20250919112547.0 | ||
| 007 | ta | ||
| 008 | 240209s2023 dr co 000 j spa d | ||
| 020 | _a9789945643831 | ||
| 040 |
_aDO-SdBNP _bspa _cBNPHU _erda |
||
| 082 | 4 |
_bT822 _222 |
|
| 110 | 1 |
_aRepública Dominicana. _bCorte de Constitucionalidad _971191 |
|
| 245 | 1 | 0 |
_aMujeres de la historia dominicana : _bun homenaje / _ccomisión Alba Luisa Beard Marcos, Manuel Ulises Bonnelly Vega, María del Carmen Santana de Cabrera, José Alejandro Vargas Guerrero, Eunisis Vásquez Acosta |
| 264 | 1 |
_aSanto Domingo : _bTribunal Constitucional, _c2023. |
|
| 300 |
_a148 páginas, _bretratos, fotografías _c29 cm. |
||
| 336 |
_2rdacontent _atexto _btxt |
||
| 337 |
_2rdamedia _asin mediación _bn |
||
| 338 |
_2rdacarrier _avolumen _bnc |
||
| 500 | _aLibro de pasta dura. | ||
| 504 | _aIncluye referencias bibliográficas. | ||
| 505 | 0 |
_tPalabras de presentación del magistrado presidente Dr. Milton Ray Guevara -- _tIntroducción -- _tComisión de igualdad de género del Tribunal Constitucional -- _gHeroínas nacionales -- _tAna Valverde -- _tPatria, Minerva y María Teresa Mirabal -- _tJosefa Antonia Pérez de la Paz -- _tJuana de la Merced Trinidad (Juana Saltitopa) -- _tManuela Díez y Jiménez -- _tMaría Baltasara de los Reyes -- _tMaría de la Concepción Bona y Hernández -- _tMaría Trinidad Sánchez -- _tRosa Protomártir Duarte y Díez -- _gDefensa y promoción de los derechos de las mujeres -- _tAna Emilia Abigaíl Mejía Soliere -- _tPetronila Angélica Gómez -- _gHumanidades: educación, filosofía, historia, literatura -- _tAída Cartagena Portalatín -- _tAmbrosia Ercilia Pepín Estrella (Ercilia Pepín) -- _tEsthervina Matos Pérez -- _tFrancisca Amelia de Marchena Sánchez (Amelia Francasci) -- _tHilma Contreras -- _tSalomé Ureña -- _tSocorro Sánchez -- _gSalud -- _tAndrea Evangelina Rodríguez Perozo -- _gCiencias jurídicas y políticas -- _tAltagracia Mélida Frómeta Pereyra -- _tAna Teresa Paradas Sánchez -- _tCarmen Josefina Lora Iglesias (Piky Lora) -- _tIsabel Mayer -- _tIvelisse Prats Ramírez -- _tJosefa Sánchez de González -- _tMilady Félix de L´Official -- _gArte y cultura -- _tAltagracia Casandra Damirón -- _tMaría África Gracia Vidal de Santo Silas (María Montez) -- _gDeporte -- _tDivina Estrella -- _tTeresa Durán -- _gLabor social -- _tFlorinda Soriano (Mama Tingó) -- _tMaría Altagracia Pérez Pntado (Mary Pérez de Marranzini) -- _tRosa Emilia Sánchez de Tavares / |
|
| 590 | _aInventariado, 2024/ YL | ||
| 700 | 1 |
_aBeard Marcos, Alba Luisa _ecomisión _984886 |
|
| 700 | 1 |
_aBonnelly Vega, Manuel Ulises _ecomisión _984887 |
|
| 700 | 1 |
_aSantana de Cabrera, María del Carmen _ecomisión _984888 |
|
| 700 | 1 |
_aVargas Guerrero, José alejandro _ecomisión _984889 |
|
| 700 | 1 |
_aVásquez Acosta, Eunisis _ecomisión _984890 |
|
| 910 | _aYLockward | ||
| 942 |
_2ddc _cLBS1 |
||
| 999 |
_c55888 _d55888 |
||